| 000 | 01007nam a2200217Ia 4500 | ||
|---|---|---|---|
| 003 | Ost | ||
| 005 | 20260507075743.0 | ||
| 008 | 260507s9999||||xx |||||||||||||| ||und|| | ||
| 040 | _cfsecg | ||
| 041 | _aara | ||
| 082 | _a330 | ||
| 100 |
_aالراوي، خالد وهيب _eمؤلف |
||
| 245 | 0 |
_aالعمليات المصرفية الخارجية / _c خالد وهيب الراوي |
|
| 250 | _aطبعة 2 | ||
| 260 |
_aعمان: _bدار المناهج, _c2000 |
||
| 300 |
_a455 صفحة؛ _bإيضاحات ؛ _c25 سم |
||
| 520 | _aطبيعة العمليات المصرفية الدولية- البطاقات البلاستيكية والبطاقة الذكية- التسويق المصرفي وتجزئة السوق- التحدي الدولي للمصارف- صندوق النقد الدولي والبنك الدولي- السحوبات المستندية- الخيارات. | ||
| 653 | _aالعمليات المصرفية | ||
| 653 | _aالمصارف الخارجية | ||
| 942 | _cكتاب | ||
| 999 |
_c46173 _d46173 |
||